Giáo trình hóa học đại cương

Giáo trình gồm 8 chương đề cập: Các khái niệm và định luật cơ bản của hóa học; Cơ sở của Nhiệt động hóa học; Cấu tạo chất; Tốc độ phản ứng và cân bằng hóa học; Dung dịch; Phản ứng hóa học và dòng điện; Hóa keo......

Full beskrivning

Sparad:
Bibliografiska uppgifter
Huvudupphovsman: Nguyễn, Văn Tấu
Materialtyp: Bok
Språk:Undetermined
Publicerad: Hà Nội Giáo dục 2007
Ämnen:
Taggar: Lägg till en tagg
Inga taggar, Lägg till första taggen!
Thư viện lưu trữ: Trung tâm Học liệu Trường Đại học Cần Thơ
LEADER 00961nam a2200205Ia 4500
001 CTU_142027
008 210402s9999 xx 000 0 und d
020 |c 32000 
082 |a 540 
082 |b T125/T.1 
100 |a Nguyễn, Văn Tấu 
245 0 |a Giáo trình hóa học đại cương 
245 0 |c Nguyễn Văn Tấu (Chủ biên) ; Dương Văn Đảm, Hoàng Hà, Nguyễn Tiến Quý 
260 |a Hà Nội 
260 |b Giáo dục 
260 |c 2007 
520 |a Giáo trình gồm 8 chương đề cập: Các khái niệm và định luật cơ bản của hóa học; Cơ sở của Nhiệt động hóa học; Cấu tạo chất; Tốc độ phản ứng và cân bằng hóa học; Dung dịch; Phản ứng hóa học và dòng điện; Hóa keo... 
650 |a Chemistry 
904 |i Giang 
980 |a Trung tâm Học liệu Trường Đại học Cần Thơ